Poistka pred stratami, ale aj šanca nahonobiť zisk. Opčná burza v Bratislave začne ako prvá v bývalom východnom bloku.

Švédska firma Option Market Systems International sa zúčastňuje na budovaní Bratislavskej opčnej burzy, a.s. (30 perc. účasť zahraničného partnera). Výklad (stručný a veľmi zjednodušený) termínov, ktoré sa budú s burzovými obchodmi používať: okamžitá kúpa (spot), opčná kúpa (call), opčný predaj (put...

Ausführliche Beschreibung

Gespeichert in:
Bibliographische Detailangaben
Format: Buchkapitel
Sprache:Slowakisch
Schlagworte:
Tags: Tag hinzufügen
Keine Tags, Fügen Sie das erste Tag hinzu!

MARC

LEADER 00000naa a2200000 4500
001 r011496
005 20220826094250.5
041 0 |a slo 
044 |a [CS] 
245 1 0 |a Poistka pred stratami, ale aj šanca nahonobiť zisk.  |b Opčná burza v Bratislave začne ako prvá v bývalom východnom bloku. 
520 |a Švédska firma Option Market Systems International sa zúčastňuje na budovaní Bratislavskej opčnej burzy, a.s. (30 perc. účasť zahraničného partnera). Výklad (stručný a veľmi zjednodušený) termínov, ktoré sa budú s burzovými obchodmi používať: okamžitá kúpa (spot), opčná kúpa (call), opčný predaj (put). 
610 2 0 |a opcie 
610 2 0 |a BOB Bratislava 
610 2 0 |a burzy 
610 2 0 |a Bratislavská opčná burza 
610 2 0 |a terminológia 
610 2 0 |a obchody burzové